| 000 | 01122nam a2200277 a 4500 | ||
|---|---|---|---|
| 001 | 78398 | ||
| 003 | BD-RjUL | ||
| 005 | 20211209083126.0 | ||
| 008 | 210916s2006 bg a|||| m||| 00| 0 eng d | ||
| 035 | _a(BD-RjUL)78624 | ||
| 040 |
_aBD-RjUL _beng _cBD-RjUL _dBD-RjUL |
||
| 041 | _aeng | ||
| 082 |
_a006.42 _bHOF 2006 _223 |
||
| 100 |
_aHossain, A. K. M. Akhtar _9248054 |
||
| 245 | 1 | 0 |
_aFingerprint Identification System Using Artifical Computing Models / _cA.K.M. Akhtar Hossain ; _6Supervisor : S. K. Ahmed Kamal |
| 260 |
_aRajshahi : _bDepartment of Computer Science And Engineering, University of Rajshahi, _c2006 |
||
| 300 |
_aill, 165 leaves : _bill ; _c29 cm. |
||
| 502 | _aThesis (Ph. D.) -- Department of Computer Science And Engineering, University of Rajshahi, 2006 | ||
| 504 | _aReference : Leaves 156 - 165 | ||
| 600 |
_q _9248245 |
||
| 650 |
_aFingerprints _xIdentification _xData processing _9248246 |
||
| 650 |
_aNeural networks (Computer science) _xMathematical models _9248247 |
||
| 650 |
_aBiometric identification. _944036 |
||
| 700 |
_aKamal, S. K. Ahmed, Supervisor _9248056 |
||
| 942 |
_2ddc _cTHE |
||
| 999 |
_c78398 _d78398 |
||